000 00501nam a2200205Ia 4500
003 OSt
005 20140317131309.0
008 140130s9999 xx 000 0 und d
020 _a9780439866682
050 _aQL 737.P96
_b.T56 2006
100 _aThomson, Sarah
245 _aAmazing gorillas! /
_cSarah Thomson.
260 _bScholastic,
_c2006.
_aNew York :
300 _a32 p. :
_bcol. ill. ;
_c23 cm.
440 _v1
521 _aG4
526 _c670
942 _cBK
_2lcc
999 _c40924
_d40924